| 000 | 00720nam a22001577a 4500 | ||
|---|---|---|---|
| 003 | OSt | ||
| 005 | 20151025111128.0 | ||
| 008 | 151025b xxu||||| |||| 00| 0 eng d | ||
| 040 | _cRUA | ||
| 082 | _aAVM NGO 2013 B109 Or.1 | ||
| 100 |
_92852 _aNGOUY, BOREY. |
||
| 245 | _aStudy on growing rate of piglet by adding pocolac booster in BVB investment corp kompong thom province, ប្រៀបធៀបការលូតលាស់របស់កូនជ្រូកក្នុងកំឡុងពេលបៅដោះដោយបន្ថែមម្សៅPORCOLAC BOOSTER នៅក្រុមហ៊ុន BVB INVESTMENT CORP | ||
| 260 |
_aPhnom Penh _bRUA _c2013 |
||
| 300 |
_ax; 32p. _bill. _c29cm. |
||
| 942 |
_2ddc _cAVM |
||
| 999 |
_c2670 _d2670 |
||